000
00299nam a2200133Ia 4500
008
150301s2015 xx 000 0 und d
082
_a
615.4
_b
P12M
100
_a
MOHANTA, G.P
245
_a
PHYSICAL PHARMACY
260
_b
PHARMA MED PRESS
300
_a
108
650
_a
PHARMACY
942
_2
ddc
_c
BK
999
_c
7328
_d
7328